Prohloubení ekonomických reforem: podmínka růstu indického hospodářství

Základná charakteristika Indie. Hospodárska politika krajiny. Liberalizačné reformy a hospodársky rast. Limity hospodárskeho rastu. Prognóza ďalšieho vývoja.

Salvato in:
Dettagli Bibliografici
Autore principale: Žídek, Libor
Natura: Capitolo di libro
Lingua:ceco
Soggetti:
Tags: Aggiungi Tag
Nessun Tag, puoi essere il primo ad aggiungerne!!

MARC

LEADER 00000naa$a2200000$$$4500
001 0075793
005 20231016093352.1
041 0 |a cze 
044 |a CZ 
245 1 0 |a Prohloubení ekonomických reforem: podmínka růstu indického hospodářství  |c Libor Žídek 
520 |a Základná charakteristika Indie. Hospodárska politika krajiny. Liberalizačné reformy a hospodársky rast. Limity hospodárskeho rastu. Prognóza ďalšieho vývoja. 
610 2 0 |a situácia hospodárska 
610 2 0 |a rast hospodársky 
610 2 0 |a politika hospodárska 
610 2 0 |a reformy 
610 2 0 |a liberalizácia 
610 2 0 |a trh 
610 2 0 |a služby 
610 2 0 |a produkt domáci hrubý 
610 2 0 |a regulácia hospodárska 
610 2 0 |a byrokracia 
610 2 0 |a financie verejné 
610 2 0 |a India 
100 1 |a Žídek, Libor